[Event "Munich 10122021"]
[Site "SchemingMind.com"]
[Date "2023.01.07"]
[Round "-"]
[White "William Lindberg"]
[Black "frankly"]
[Result "1/2-1/2"]
[WhiteCountry "USA"]
[BlackCountry "ENG"]
[WhiteElo "2398"]
[WhiteRD "65"]
[BlackElo "2605"]
[BlackRD "80"]
[GameID "730110"]

1. e4 e5 2. Nf3 Nc6 3. Bb5 a6 4. Ba4 Nf6 5. O-O Be7 6. Re1 b5 7. Bb3 O-O 8. c3 d5 9. exd5 Nxd5 10. Nxe5 Nxe5
11. Rxe5 c6 12. Re1 Bd6 13. d4 Qh4 14. g3 Qh3 15. Qe2 Bg4 16. Qf1 Qh5 17. Nd2 Rae8 18. f3 Rxe1 19. Qxe1 Bxf3 20. Nxf3 Qxf3
21. Bd2 Qg4 22. a4 Qd7 23. Qf2 Re8 24. axb5 axb5 25. Bc2 g6 26. Bb3 Bf8 27. Rf1 Bg7 28. Re1 h5 29. Rxe8+ Qxe8 30. Qf3 Qa8
31. Kf2 Qa1 32. Bxd5 cxd5 33. b4 Qa8 34. h3 Qc6 35. Bf4=
1/2-1/2